The breeding programme of Hevea brasiliensis in India during early 1970s (Record no. 49001)

MARC details
000 -LEADER
fixed length control field 00365nam a2200133Ia 4500
100 ## - MAIN ENTRY--AUTHOR NAME
Personal name Saraswathyamma C.K.
245 #4 - TITLE STATEMENT
Title The breeding programme of Hevea brasiliensis in India during early 1970s
260 ## - PUBLICATION, DISTRIBUTION, ETC. (IMPRINT)
Name of publisher Rubber Reporter
Year of publication 1992
300 ## - PHYSICAL DESCRIPTION
Number of Pages 21-23
650 ## - SUBJECT ADDED ENTRY--TOPICAL TERM
Topical Term Breeding
700 ## - ADDED ENTRY--PERSONAL NAME
Personal name George P.J.
942 ## - ADDED ENTRY ELEMENTS (KOHA)
Koha item type Bibliography STAF
Holdings
Withdrawn status Lost status Damaged status Not for loan Home library Current library Shelving location Date acquired Serial Enumeration / chronology Koha item type
      Bibliography RRII Library RRII Library Botany 09/04/2014 Volume 17, Issue Bibliography STAF